| 000 | 00542nam a2200193 a 4500 | ||
|---|---|---|---|
| 005 | 20210219153405.0 | ||
| 008 | 991125n 000 0 u | ||
| 035 | _aUPN01000095841 | ||
| 100 | _aMansfield, Margaret A. | ||
| 222 | _aCOLLEGE COMPOSITION AND COMMUNICATION | ||
| 245 | _aReal world writing and the english curriculum | ||
| 300 | _a69-83 | ||
| 362 | _a44, No. 1, 1993 | ||
| 505 | _aJulio 1993 | ||
| 653 | 0 | _aESCRITURA (COMPOSICION) | |
| 653 | 0 | _aINSTRUCCION PARA LA ESCRITURA | |
| 904 |
_aAC _b033652 |
||
| 905 | _aArticulo | ||
| 999 |
_c75688 _d75688 |
||